Normal view MARC view

Entry Nombre personal

Number of records used in: 15

001 - NÚMERO DE CONTROL

  • campo de control: 241383

003 - IDENTIFICADOR DE NÚMERO DE CONTROL

  • campo de control: SpMaBN

005 - FECHA Y HORA DE LA ÚLTIMA TRANSACCIÓN

  • campo de control: 20250723033937.0

008 - ELEMENTOS DE DATO DE LONGITUD-FIJA

  • campo de control de longitud fija: 110314n|#azznnaabn |n aac ##

040 ## - FUENTE DE CATALOGACIÓN

  • Centro catalogador/agencia de origen: SpMaBN
  • Lengua de catalogación: spa
  • Centro/agencia transcriptor: SpMaBN
  • Normas de descripción: rdc
  • Convención/Normas de encabezamiento de materia/tesauro: embne

046 ## - FECHAS CON CODIFICACIÓN ESPECIAL

  • Período de inicio: 1773
  • Fin de período: 1811

100 1# - ENCABEZAMIENTO-NOMBRE DE PERSONA

  • Nombre de persona: Remondini, Giuseppe,
  • Fechas asociadas al nombre: fl.1773-1811

375 ## - GÉNERO/SEXO

  • Género: Masculino

670 ## - FUENTE DE DATOS ENCONTRADOS

  • Cita de la fuente: Matthaei Aimerichi Novum Lexicon historicum et criticum antiquae Romanae Litteraturae deperditae, vel latentis, ac Romanorum Eruditorum qui ca floruerunt ab urbe condita ad Honorii Augusti interitum, 1787
  • Información encontrada: p. 370 (Giuseppe Remondini)

670 ## - FUENTE DE DATOS ENCONTRADOS

  • Cita de la fuente: ICCU

678 ## - DATOS BIOGRÁFICOS O HISTÓRICOS

  • Datos biográficos o históricos: Impresor en Bassano en el siglo XVIII